000 00844nam a2200229 a 4500
005 20010905110431.0
008 970417s1997 caua 001 0 eng
010 _aENG-92476
020 _c100.00
035 _aEN-76009
037 _bDBAD / PUB
040 _adpl
_bEnglish
082 _a881
100 _aDivate, Hemant
245 _aVirus alert poems /
_cby Hemant Divate;translated from Marathi by Dilip Chitre
260 _aMumbai
_bPoetrywala,
_c2003
270 _a1701/1702, Whispering Palms 6-A, Lokhandwala Township, Kandivali
_bMumbai
_e400101
300 _a70p.
_c22 cm (pbk)
650 _aMarathi poetry
_xTranslated into English
942 _2ddc
_cEN
_mDIV
_h881
999 _c20892
_d20892